[Event "Acropolis 2006 Women Section"]
[Site "http://www.chessfed.gr/Acropo"]
[Date "2006.08.17"]
[Round "5.3"]
[White "Foisor, Sabina-Francesca"]
[Black "Meenakshi, S."]
[Result "1-0"]
[WhiteElo "2292"]
[BlackElo "2310"]
[PlyCount "107"]
[EventDate "2006.08.13"]

1. d4 Nf6 2. c4 c5 3. d5 b5 4. cxb5 a6 5. bxa6 Bxa6 6. Nc3 d6 7. g3 g6 8. Bg2
Bg7 9. Nf3 Nbd7 10. Rb1 Qa5 11. Bd2 O-O 12. O-O Bb7 13. b3 Qa6 14. Nh4 Rfd8 15.
Qc2 e6 16. dxe6 fxe6 17. a4 d5 18. Rfd1 Rac8 19. Nb5 Nf8 20. Bf4 Qb6 21. Be5
Ba6 22. Na3 N8d7 23. Bc3 Bb7 24. e3 Ba6 25. Qd2 Rf8 26. b4 g5 27. b5 Bb7 28. a5
Qa7 29. a6 Ba8 30. b6 Nxb6 31. Bxf6 Bxf6 32. Qa5 Bd8 33. Nf3 Nc4 34. Qc3 Bf6
35. Qc1 Qxa6 36. Nxc4 Qxc4 37. Qa3 g4 38. Rdc1 Qe4 39. Ne1 Qf5 40. Nd3 d4 41.
e4 Bxe4 42. Bxe4 Qxe4 43. Nxc5 Qd5 44. Nd3 Rc3 45. Rxc3 dxc3 46. Nf4 Qc4 47.
Rb4 Qc6 48. Nh5 c2 49. Rxg4+ Kf7 50. Qa7+ Ke8 51. Nxf6+ Kd8 52. Qb8+ Ke7 53.
Rg7+ Rf7 54. Ng8+ 1-0

[Event "Acropolis 2006 Women Section"]
[Site "http://www.chessfed.gr/Acropo"]
[Date "2006.08.17"]
[Round "5.5"]
[White "Burtasova, Anna"]
[Black "Pokorna, Regina"]
[Result "0-1"]
[WhiteElo "2311"]
[BlackElo "2342"]
[PlyCount "216"]
[EventDate "2006.08.13"]

1. e4 e5 2. Nf3 Nc6 3. Nc3 Nf6 4. d4 exd4 5. Nxd4 Bb4 6. Nxc6 bxc6 7. Bd3 d5 8.
exd5 cxd5 9. O-O O-O 10. Bg5 c6 11. Na4 Bd6 12. c4 Be5 13. cxd5 cxd5 14. f4 Bd6
15. Rc1 h6 16. Bh4 Rb8 17. b3 Re8 18. Nc5 Rb4 19. Kh1 Rxf4 20. Rxf4 Bxf4 21.
Rc2 Qd6 22. Bb5 Rd8 23. Nd3 Bg4 24. Qf1 Bg5 25. Bg3 Qe6 26. Rc6 Qf5 27. Qxf5
Bxf5 28. Rc7 Be3 29. Ne5 Ne4 30. Nc6 Bb6 31. Rb7 Re8 32. Ne7+ Rxe7 33. Rxe7 d4
34. Be1 Nd6 35. Re5 Bg6 36. Bf1 Kh7 37. Rd5 Ne4 38. a4 Nc3 39. Rd7 Bc2 40. Bxc3
dxc3 41. Bd3+ Bxd3 42. Rxd3 Ba5 43. Rd4 Bc7 44. Rc4 Be5 45. Rc6 f6 46. Kg1 Kg6
47. Kf2 Kf5 48. Rc4 h5 49. h3 g5 50. b4 Ke6 51. Ke3 f5 52. b5 Kd5 53. Kd3 g4
54. Rc8 f4 55. hxg4 hxg4 56. Rg8 g3 57. Rd8+ Kc5 58. Rc8+ Kb4 59. Rc4+ Kb3 60.
Rc5 Bf6 61. Rf5 f3 62. Rxf3 c2 63. Kd2+ Kb2 64. Rf1 Bg5+ 65. Ke2 Bf4 66. Rxf4
c1=Q 67. Kf3 Qe1 68. Kg4 Kb3 69. Kh3 Ka3 70. Rg4 Qe5 71. Rh4 Kb3 72. Rg4 Qc7
73. Kh4 Kc2 74. Rxg3 Qh7+ 75. Kg5 Qg7+ 76. Kh4 Qh6+ 77. Kg4 Kd2 78. Rf3 Qg6+
79. Kh3 Qe4 80. Rg3 Qxa4 81. Rg5 Qf4 82. Rh5 Qf1 83. Rg5 Ke3 84. Kh4 Qf6 85. g3
Qh6+ 86. Rh5 Qd6 87. Rf5 Qe7+ 88. Kh5 Qe8+ 89. Kh4 Qh8+ 90. Kg5 Qg7+ 91. Kh4
Qh6+ 92. Rh5 Qe6 93. Rg5 Kf3 94. Kh5 Qe8+ 95. Kh6 Qf8+ 96. Kg6 Qg8+ 97. Kf6
Qd8+ 98. Kg6 Ke4 99. Kh5 Qe8+ 100. Kg4 Qh8 101. Rh5 Qc8+ 102. Kh4 Qd8+ 103. Rg5
Qh8+ 104. Kg4 Qh1 105. Rf5 Qd1+ 106. Kg5 Qd8+ 107. Kg6 Qg8+ 108. Kf6 Qf8+ 0-1

[Event "Acropolis 2006 Women Section"]
[Site "http://www.chessfed.gr/Acropo"]
[Date "2006.08.17"]
[Round "5.6"]
[White "Fakhiridou, Ekaterini"]
[Black "Karlovich, Anastazia"]
[Result "1/2-1/2"]
[WhiteElo "2296"]
[BlackElo "2285"]
[PlyCount "58"]
[EventDate "2006.08.13"]

1. e4 e5 2. Nf3 Nc6 3. d4 exd4 4. Nxd4 Bc5 5. Nb3 Bb6 6. Nc3 Qf6 7. Qe2 Nge7 8.
h4 Nd4 9. Nxd4 Bxd4 10. Nd5 Nxd5 11. exd5+ Kf8 12. Bg5 Bc3+ 13. Bd2 Bxb2 14.
Rb1 d6 15. Bg5 Bc3+ 16. Kd1 Qd4+ 17. Qd3 Bg4+ 18. f3 Bf5 19. Qxd4 Bxd4 20. g4
Bd7 21. h5 f6 22. Bf4 b6 23. Bd3 Kf7 24. Kd2 Rae8 25. c3 Be5 26. Bh2 Bxh2 27.
Rxh2 f5 28. g5 g6 29. f4 Kg7 1/2-1/2

[Event "Acropolis 2006 Women Section"]
[Site "http://www.chessfed.gr/Acropo"]
[Date "2006.08.17"]
[Round "5.7"]
[White "Kononenko, Tatiana"]
[Black "Stiri, Alexandra"]
[Result "1/2-1/2"]
[WhiteElo "2392"]
[BlackElo "2186"]
[PlyCount "107"]
[EventDate "2006.08.13"]

1. d4 Nf6 2. c4 e6 3. Nf3 c5 4. d5 exd5 5. cxd5 d6 6. Nc3 g6 7. Nd2 Bg7 8. e4
O-O 9. Be2 Na6 10. O-O Ne8 11. Nc4 f5 12. exf5 Rxf5 13. Bg4 Rf8 14. Bf3 Rb8 15.
a4 Nb4 16. Na2 Nxa2 17. Rxa2 b6 18. b3 Rb7 19. Be3 Rbf7 20. Be2 Qh4 21. f4 Qe7
22. Bf3 Bh6 23. Re1 Qd8 24. g3 Bh3 25. Rf2 Qd7 26. Bc1 Bg7 27. Rfe2 Bc3 28. Bd2
Bd4+ 29. Kh1 Ng7 30. Qc1 Bg4 31. Bxg4 Qxg4 32. Nxd6 Qf3+ 33. Rg2 Rd7 34. Nc4
Qxd5 35. Bc3 Re8 36. Rxe8+ Nxe8 37. h3 Nd6 38. Bxd4 Nxc4 39. bxc4 Qxd4 40. Kh2
Qd3 41. Qe1 Kf7 42. Qe5 Qd4 43. Qe2 Re7 44. Qf1 Re4 45. Rc2 Re3 46. f5 g5 47.
Qf2 Rc3 48. Qe2 Rxc2 49. Qxc2 Qe3 50. g4 Kf6 51. Qb2+ Kf7 52. Qc2 Kf6 53. Qb2+
Kf7 54. Qc2 1/2-1/2

[Event "Acropolis 2006 Women Section"]
[Site "http://www.chessfed.gr/Acropo"]
[Date "2006.08.17"]
[Round "5.8"]
[White "Zawadzka, Jolanta"]
[Black "Smokina, Karolina"]
[Result "1-0"]
[WhiteElo "2378"]
[BlackElo "2215"]
[PlyCount "115"]
[EventDate "2006.08.13"]

1. e4 c5 2. Nf3 Nc6 3. d4 cxd4 4. Nxd4 e5 5. Nb5 d6 6. N1c3 a6 7. Na3 Be6 8.
Nc4 Rc8 9. Ne3 Nf6 10. g3 Be7 11. Bg2 O-O 12. O-O Na5 13. Ncd5 Nxd5 14. Nxd5
Bxd5 15. exd5 f5 16. b3 b5 17. Bd2 Nb7 18. a4 Ra8 19. Qe2 Qd7 20. Rfc1 Nc5 21.
axb5 axb5 22. Bf1 Ne4 23. Bb4 Bg5 24. Re1 Qc7 25. Rxa8 Rxa8 26. f3 Nc3 27. Qd3
Rc8 28. Qxf5 Bd2 29. Ra1 Ne2+ 30. Bxe2 Bxb4 31. Bd3 g6 32. Qe6+ Kg7 33. h4 Rf8
34. Kg2 Rf6 35. Qg4 Bc3 36. Ra6 Bd4 37. Qg5 Qb7 38. Rc6 Qa7 39. Qd2 Qa1 40.
Rc7+ Rf7 41. Rxf7+ Kxf7 42. Bf1 Bc3 43. Qh6 Kg8 44. Qg5 Qd1 45. Bd3 Bd4 46.
Qd8+ Kg7 47. Qe7+ Kg8 48. Qe8+ Kg7 49. Qe7+ Kg8 50. Qxd6 Qg1+ 51. Kh3 Qh1+ 52.
Kg4 Qc1 53. h5 gxh5+ 54. Kf5 Qe3 55. Qd8+ Kg7 56. Qf6+ Kg8 57. Ke6 e4 58. Qf7+
1-0

[Event "Acropolis 2006 Women Section"]
[Site "http://www.chessfed.gr/Acropo"]
[Date "2006.08.17"]
[Round "5.10"]
[White "Ikonomopoulou, Maria"]
[Black "Sorokina, Anastasia"]
[Result "0-1"]
[WhiteElo "1976"]
[BlackElo "2221"]
[PlyCount "76"]
[EventDate "2006.08.13"]

1. e4 c5 2. Nf3 e6 3. c4 Nc6 4. Nc3 d6 5. d4 cxd4 6. Nxd4 e5 7. Nc2 f5 8. g3
Nf6 9. Bg2 Be6 10. Ne3 g6 11. O-O fxe4 12. Nxe4 Nxe4 13. Bxe4 Bg7 14. b3 O-O
15. Ba3 Bh3 16. Qd5+ Rf7 17. Rfd1 Qf6 18. Rd2 Rd8 19. Bxd6 Nd4 20. Bxe5 Rxd5
21. Bxf6 Nf3+ 22. Bxf3 Rxd2 23. Bxg7 Rxf3 24. Bc3 Rdxf2 25. Re1 Rxe3 26. Kxf2
Rxc3 27. Re7 Rc2+ 28. Ke3 Bg2 29. Kf4 Rf2+ 30. Kg4 Rf7 31. Re3 Kg7 32. Re5 Bc6
33. b4 Bf3+ 34. Kh3 Rf5 35. Re7+ Kf6 36. Rxh7 Rh5+ 37. Rxh5 gxh5 38. Kh4 Ke5
0-1

[Event "Acropolis 2006 Women Section"]
[Site "http://www.chessfed.gr/Acropo"]
[Date "2006.08.17"]
[Round "5.11"]
[White "Makka, Ioulia"]
[Black "Pambalou, Fotini"]
[Result "1-0"]
[WhiteElo "2219"]
[BlackElo "2127"]
[PlyCount "63"]
[EventDate "2006.08.13"]

1. e4 e5 2. Nf3 Nc6 3. Bb5 a6 4. Bxc6 dxc6 5. Nc3 f6 6. d4 exd4 7. Qxd4 Qxd4 8.
Nxd4 c5 9. Nde2 Bd7 10. Bf4 Bd6 11. Bxd6 cxd6 12. O-O-O Nh6 13. Rxd6 Ng4 14. f3
Ne3 15. Nf4 Nc4 16. Rd5 b6 17. b3 Ne5 18. Rd6 b5 19. Rhd1 h5 20. Ncd5 Ra7 21.
Nb6 c4 22. Nfd5 cxb3 23. axb3 Rf8 24. h3 Rf7 25. f4 Ng6 26. e5 Nf8 27. exf6
gxf6 28. Nxf6+ Kd8 29. Nfxd7 Nxd7 30. Rxd7+ Raxd7 31. Rxd7+ Rxd7 32. Nxd7 1-0

[Event "Acropolis 2006 Women Section"]
[Site "http://www.chessfed.gr/Acropo"]
[Date "2006.08.17"]
[Round "5.14"]
[White "Paganoglou, Anastasia"]
[Black "Vijayalakshmi, Subbaraman"]
[Result "0-1"]
[WhiteElo "1935"]
[BlackElo "2417"]
[PlyCount "138"]
[EventDate "2006.08.13"]

1. e4 e5 2. Nf3 Nc6 3. Bc4 Bc5 4. c3 Nf6 5. d3 d6 6. Bb3 a6 7. h3 Ba7 8. O-O h6
9. Re1 O-O 10. Nbd2 Ne7 11. Nf1 Ng6 12. Be3 Qe7 13. Kh2 c6 14. Bxa7 Rxa7 15. d4
Ra8 16. Qc2 Qc7 17. dxe5 dxe5 18. Rad1 Kh7 19. Qd3 Bd7 20. Qd6 Rac8 21. Ng3 c5
22. Qxc7 Rxc7 23. Bd5 c4 24. Re3 Bb5 25. b3 Rd8 26. a4 Be8 27. bxc4 Bxa4 28.
Rb1 Rb8 29. Nf5 Bc6 30. Nd6 Bxd5 31. exd5 Ne8 32. Nxe8 Rxe8 33. d6 Rd7 34. c5
f6 35. Nd4 Rc8 36. Ne6 Rc6 37. Rg3 Rc8 38. Nc7 Rdxc7 39. dxc7 Rxc7 40. Rb6 Ne7
41. c4 Nc6 42. Ra3 Kg8 43. Kg3 Kf7 44. f4 exf4+ 45. Kxf4 Nd8 46. Re3 Nc6 47.
Re4 Ne5 48. Ke3 Nd7 49. Kd4 Nxc5 50. Re1 Nd7 51. Rb4 Ne5 52. Ra4 Ke6 53. Rb1
Kd7 54. Rb6 Nc6+ 55. Kd5 Kc8 56. Ra1 Rd7+ 57. Kc5 Rc7 58. Kd5 Rd7+ 59. Kc5 Ne5
60. Re6 Rc7+ 61. Kd5 Nxc4 62. Rae1 Kb8 63. Re7 Ne5 64. Ke6 b5 65. Ra1 Rxe7+ 66.
Kxe7 Kb7 67. Kf8 g5 68. Kg7 b4 69. Kxf6 Nd3 0-1

[Event "Acropolis 2006 Women Section"]
[Site "http://www.chessfed.gr/Acropo"]
[Date "2006.08.17"]
[Round "5.15"]
[White "Petraki, Maria"]
[Black "Stavropoulou, Katerina"]
[Result "1-0"]
[WhiteElo "2094"]
[BlackElo "1996"]
[PlyCount "63"]
[EventDate "2006.08.13"]

1. e4 e5 2. Nf3 Nc6 3. Bc4 Nf6 4. d3 Bc5 5. c3 d6 6. O-O a6 7. Bb3 h6 8. Nbd2
O-O 9. h3 Ne7 10. d4 exd4 11. cxd4 Ba7 12. Re1 Ng6 13. Nf1 d5 14. e5 Ne4 15.
N3h2 Qh4 16. g3 Nxg3 17. fxg3 Qxd4+ 18. Be3 Qxb2 19. Rb1 Qc3 20. Rc1 Qa5 21.
Bxa7 Rxa7 22. Qxd5 Qb6+ 23. Qc5 Qxc5+ 24. Rxc5 c6 25. e6 fxe6 26. Bxe6+ Bxe6
27. Rxe6 Kf7 28. Rd6 Ne7 29. Nf3 Nd5 30. N1d2 Raa8 31. Rd7+ Ke6 32. Rxb7 1-0

[Event "Acropolis 2006 Women Section"]
[Site "http://www.chessfed.gr/Acropo"]
[Date "2006.08.17"]
[Round "5.16"]
[White "Foisor, Mihaela-Veronica"]
[Black "Iordanidou, Zoi"]
[Result "0-1"]
[WhiteElo "2005"]
[BlackElo "1968"]
[PlyCount "58"]
[EventDate "2006.08.13"]

1. d4 Nf6 2. c4 c5 3. d5 b5 4. cxb5 a6 5. bxa6 Bxa6 6. Nc3 d6 7. e4 Bxf1 8.
Kxf1 g6 9. g3 Bg7 10. Kg2 Nbd7 11. Nge2 O-O 12. Qc2 Qb6 13. Rd1 Rfb8 14. Ng1 c4
15. Nf3 Ng4 16. h3 Nge5 17. Nxe5 Nxe5 18. Rb1 Nd3 19. Be3 Qb4 20. a3 Qb3 21.
Qd2 Rb7 22. Rf1 Rab8 23. Nd1 Qa4 24. Nc3 Bxc3 25. Qxc3 Rxb2 26. Rxb2 Rxb2 27.
Bh6 f6 28. Bc1 Re2 29. Qa1 Qa7 0-1

[Event "Acropolis 2006 Women Section"]
[Site "http://www.chessfed.gr/Acropo"]
[Date "2006.08.17"]
[Round "5.17"]
[White "Pagali, Marianna"]
[Black "Nikolaidou, Eleni"]
[Result "1/2-1/2"]
[WhiteElo "1924"]
[BlackElo "1897"]
[PlyCount "21"]
[EventDate "2006.08.13"]

1. d4 d5 2. c4 e6 3. Nc3 Nf6 4. e3 Be7 5. Nf3 O-O 6. Be2 c5 7. dxc5 Bxc5 8. O-O
Nc6 9. b3 dxc4 10. Bxc4 a6 11. Bb2 1/2-1/2

[Event "Acropolis 2006 Women Section"]
[Site "http://www.chessfed.gr/Acropo"]
[Date "2006.08.18"]
[Round "6.3"]
[White "Pokorna, Regina"]
[Black "Danielian, Elina"]
[Result "1/2-1/2"]
[WhiteElo "2342"]
[BlackElo "2423"]
[PlyCount "27"]
[EventDate "2006.08.13"]

1. e4 c6 2. d4 d5 3. Nc3 dxe4 4. Nxe4 Nd7 5. Nf3 Ngf6 6. Nxf6+ Nxf6 7. c3 Bg4
8. Bc4 e6 9. h3 Bxf3 10. Qxf3 Be7 11. O-O O-O 12. Bf4 Nd5 13. Bxd5 Qxd5 14.
Qxd5 1/2-1/2

[Event "Acropolis 2006 Women Section"]
[Site "http://www.chessfed.gr/Acropo"]
[Date "2006.08.18"]
[Round "6.4"]
[White "Zawadzka, Jolanta"]
[Black "Rogule, Laura"]
[Result "1-0"]
[WhiteElo "2378"]
[BlackElo "2342"]
[PlyCount "145"]
[EventDate "2006.08.13"]

1. e4 d5 2. exd5 Qxd5 3. Nc3 Qa5 4. d4 c6 5. Bc4 Nf6 6. Bd2 Bf5 7. Qe2 Qc7 8.
O-O-O Nbd7 9. h3 Nb6 10. Nf3 e6 11. g4 Bg6 12. Ne5 Bd6 13. h4 Nxc4 14. Nxc4 h5
15. Nxd6+ Qxd6 16. g5 Nd7 17. Be3 Nb6 18. f3 O-O 19. Qh2 Qb4 20. a3 Qa5 21. Ne4
Nc4 22. Qe2 Qb5 23. b3 Nxa3 24. Qxb5 Nxb5 25. Nc5 Nc3 26. Rde1 b6 27. Nd7 Rfc8
28. Ne5 Bf5 29. Rhg1 Kf8 30. Kb2 Nd5 31. Bd2 c5 32. dxc5 bxc5 33. c4 Ne7 34.
Be3 Rc7 35. Bxc5 Ke8 36. Bd6 Rb7 37. Bxe7 Kxe7 38. Nc6+ Kf8 39. Nd4 a5 40. Nxf5
exf5 41. Kc3 Rab8 42. Rb1 Rb4 43. Rgd1 a4 44. Rd8+ Rxd8 45. Kxb4 axb3 46. Kc3
Re8 47. Rxb3 Re1 48. Kd4 Rh1 49. Kd5 Rxh4 50. c5 Rh1 51. Kd6 Rd1+ 52. Kc7 h4
53. f4 Rh1 54. c6 h3 55. Kb7 h2 56. Rb2 Rf1 57. Rxh2 Rxf4 58. c7 Rb4+ 59. Kc6
Rc4+ 60. Kd6 Kg8 61. Re2 Kh7 62. Re5 Rxc7 63. Kxc7 Kg6 64. Re7 Kxg5 65. Rxf7 f4
66. Kd6 Kg4 67. Ke5 g5 68. Ke4 Kg3 69. Rf8 Kf2 70. Rf5 Ke2 71. Ra5 Kf2 72. Rxg5
f3 73. Rf5 1-0

[Event "Acropolis 2006 Women Section"]
[Site "http://www.chessfed.gr/Acropo"]
[Date "2006.08.18"]
[Round "6.5"]
[White "Sorokina, Anastasia"]
[Black "Krivec, Jana"]
[Result "0-1"]
[WhiteElo "2221"]
[BlackElo "2316"]
[PlyCount "78"]
[EventDate "2006.08.13"]

1. e4 e5 2. Nf3 Nc6 3. Bb5 a6 4. Ba4 Nf6 5. d3 d6 6. Nbd2 g6 7. Nf1 Bd7 8. c3
Nh5 9. Ne3 Nf4 10. g3 Nh3 11. d4 b5 12. Bb3 Bg7 13. Bd5 O-O 14. Kf1 Rb8 15. Kg2
Ne7 16. Bb3 c5 17. Re1 Kh8 18. dxc5 dxc5 19. Nd5 c4 20. Bc2 Nxd5 21. Qxd5 Qe7
22. Qd2 Bg4 23. Qe3 Qf6 24. Ng1 Bh6 25. f4 exf4 26. Qd4 Qxd4 27. cxd4 Nxg1 28.
Kxg1 Bg7 29. e5 fxg3 30. hxg3 Rbd8 31. Be3 f6 32. Bf2 fxe5 33. Bd1 Bxd1 34.
Raxd1 exd4 35. Re6 d3 36. Rd2 b4 37. Rc6 c3 38. bxc3 bxc3 39. Rd1 c2 0-1

[Event "Acropolis 2006 Women Section"]
[Site "http://www.chessfed.gr/Acropo"]
[Date "2006.08.18"]
[Round "6.6"]
[White "Meenakshi, S."]
[Black "Makka, Ioulia"]
[Result "1/2-1/2"]
[WhiteElo "2310"]
[BlackElo "2219"]
[PlyCount "93"]
[EventDate "2006.08.13"]

1. c4 e6 2. Nc3 d5 3. d4 Be7 4. Nf3 Nf6 5. cxd5 exd5 6. Bg5 c6 7. Qc2 g6 8. e3
Bf5 9. Bd3 Bxd3 10. Qxd3 O-O 11. O-O Nbd7 12. h3 Re8 13. Rab1 a5 14. Qc2 Ne4
15. Bf4 Bd6 16. Nxe4 dxe4 17. Bxd6 exf3 18. gxf3 Qf6 19. Bf4 g5 20. Bg3 Qxf3
21. Rfe1 Nf6 22. Qe2 Qf5 23. Kh2 Rad8 24. Rbc1 h5 25. Rc5 Rd5 26. Rxd5 cxd5 27.
Rc1 h4 28. Be5 Nd7 29. Bc7 b6 30. Rc3 Rc8 31. Kg2 Qe6 32. Qh5 Qe4+ 33. Qf3 f5
34. Qxe4 fxe4 35. Bd6 Rxc3 36. bxc3 Kf7 37. f3 exf3+ 38. Kxf3 b5 39. Bc7 a4 40.
e4 dxe4+ 41. Kxe4 Nf6+ 42. Kf3 Nd5 43. Ba5 Kf6 44. Kg4 Ne3+ 45. Kf3 Nd5 46. Kg4
Ne3+ 47. Kf3 1/2-1/2

[Event "Acropolis 2006 Women Section"]
[Site "http://www.chessfed.gr/Acropo"]
[Date "2006.08.18"]
[Round "6.7"]
[White "Papadopoulou, Vera"]
[Black "Fakhiridou, Ekaterini"]
[Result "1-0"]
[WhiteElo "2217"]
[BlackElo "2296"]
[PlyCount "99"]
[EventDate "2006.08.13"]

1. d4 d5 2. c4 e6 3. Nf3 Nf6 4. a3 Be7 5. Bf4 O-O 6. e3 c6 7. Nbd2 Nbd7 8. Bd3
Re8 9. O-O Nf8 10. Qc2 Bd6 11. Bg3 Ng6 12. e4 dxe4 13. Nxe4 Nxe4 14. Bxe4 Qc7
15. Rfe1 Bxg3 16. hxg3 Bd7 17. Rad1 Rad8 18. c5 Bc8 19. b4 a6 20. a4 f5 21. Bd3
Ne7 22. Bc4 Nd5 23. Bxd5 Rxd5 24. Re5 Rf8 25. Qe2 Qd8 26. b5 axb5 27. axb5 cxb5
28. Qxb5 Rxe5 29. Nxe5 f4 30. g4 Qd5 31. Qc4 Qe4 32. Qd3 Qd5 33. Qf3 Qa2 34.
Qe4 Qa4 35. Rb1 Rd8 36. Nf3 Rf8 37. Ng5 g6 38. Qe5 Qa2 39. Qc7 Qxb1+ 40. Kh2
Rf6 41. Qd8+ Rf8 42. Qe7 Rf5 43. Qxh7+ Kf8 44. Qh8+ Ke7 45. Qg7+ Kd8 46. gxf5
Qd1 47. Qf8+ Kd7 48. fxe6+ Kc6 49. Qxc8+ Kd5 50. Qxb7+ 1-0

[Event "Acropolis 2006 Women Section"]
[Site "http://www.chessfed.gr/Acropo"]
[Date "2006.08.18"]
[Round "6.9"]
[White "Burtasova, Anna"]
[Black "Stiri, Alexandra"]
[Result "1-0"]
[WhiteElo "2311"]
[BlackElo "2186"]
[PlyCount "83"]
[EventDate "2006.08.13"]

1. e4 c5 2. Nf3 e6 3. c3 d5 4. e5 Nc6 5. d4 Nge7 6. a3 Qb6 7. b4 cxd4 8. cxd4
Nf5 9. Be3 Be7 10. Bd3 Nxe3 11. fxe3 Bd7 12. O-O Rc8 13. Nbd2 Qd8 14. Nb3 O-O
15. Nc5 b6 16. Nb3 Nb8 17. b5 Rc3 18. a4 a6 19. Qb1 axb5 20. axb5 Qe8 21. Rc1
Bb4 22. Bxh7+ Kh8 23. Ra4 Qe7 24. Rxc3 Bxc3 25. Bd3 Rc8 26. Qd1 Kg8 27. h4 Be8
28. Ng5 f6 29. exf6 Qxf6 30. Ra2 Nd7 31. Qg4 Nf8 32. Rf2 Qh6 33. Rxf8+ Kxf8 34.
Nxe6+ Kg8 35. Nxg7 Qxe3+ 36. Kh2 Kf7 37. Nf5 Qxd3 38. Qg7+ Ke6 39. Qe5+ Kf7 40.
Qe7+ Kg6 41. Qe6+ Kh5 42. Qh6+ 1-0

[Event "Acropolis 2006 Women Section"]
[Site "http://www.chessfed.gr/Acropo"]
[Date "2006.08.18"]
[Round "6.13"]
[White "Makka, Evanthia"]
[Black "Sperdokli, Elli"]
[Result "1-0"]
[WhiteElo "2032"]
[BlackElo "2129"]
[PlyCount "71"]
[EventDate "2006.08.13"]

1. d4 Nf6 2. c3 b6 3. Bf4 Bb7 4. e3 e6 5. h3 Bd6 6. Bxd6 cxd6 7. Nf3 O-O 8.
Nbd2 d5 9. c4 Ne4 10. cxd5 Bxd5 11. Nxe4 Bxe4 12. Be2 f5 13. O-O Nc6 14. Nd2
Bd5 15. a3 Qg5 16. Bf3 Ne7 17. Bxd5 Nxd5 18. Nf3 Qe7 19. Rc1 Rf6 20. Qa4 h6 21.
Rc2 g5 22. Rfc1 a5 23. Ne5 d6 24. Qc6 Qd8 25. Nc4 Ra7 26. Qxd6 Rd7 27. Qe5 Qe7
28. Qb8+ Rd8 29. Qe5 Rd7 30. Nd2 Rg6 31. Rc8+ Kf7 32. Rh8 Nf6 33. Nc4 Kg7 34.
Rc8 g4 35. Nxb6 gxh3 36. Nxd7 1-0

[Event "Acropolis 2006 Women Section"]
[Site "http://www.chessfed.gr/Acropo"]
[Date "2006.08.18"]
[Round "6.14"]
[White "Pambalou, Fotini"]
[Black "Ikonomopoulou, Maria"]
[Result "1/2-1/2"]
[WhiteElo "2127"]
[BlackElo "1976"]
[PlyCount "31"]
[EventDate "2006.08.13"]

1. e4 e6 2. d4 d5 3. Nc3 Nf6 4. Bg5 Be7 5. e5 Nfd7 6. h4 O-O 7. Nf3 c5 8. Rh3
cxd4 9. Qxd4 Nc6 10. Qf4 f6 11. exf6 Nxf6 12. O-O-O Qb6 13. Qd2 Ng4 14. Rg3
Nxf2 15. Be3 Bc5 16. Nxd5 1/2-1/2

[Event "Acropolis 2006 Women Section"]
[Site "http://www.chessfed.gr/Acropo"]
[Date "2006.08.18"]
[Round "6.15"]
[White "Iordanidou, Zoi"]
[Black "Paganoglou, Anastasia"]
[Result "1-0"]
[WhiteElo "1968"]
[BlackElo "1935"]
[PlyCount "49"]
[EventDate "2006.08.13"]

1. e4 c5 2. Nc3 e6 3. f4 a6 4. Nf3 Nc6 5. g3 d5 6. d3 Nf6 7. e5 Nd7 8. Bg2 b5
9. O-O Be7 10. Kh1 b4 11. Ne2 a5 12. c3 O-O 13. g4 a4 14. d4 Nb6 15. Ng3 cxd4
16. cxd4 Bh4 17. Nxh4 Qxh4 18. g5 f6 19. gxf6 gxf6 20. exf6 Rxf6 21. f5 Qxd4
22. Qh5 Ba6 23. Rf4 Qe5 24. Rg4+ Kh8 25. Bh6 1-0

[Event "Acropolis 2006 Women Section"]
[Site "http://www.chessfed.gr/Acropo"]
[Date "2006.08.18"]
[Round "6.17"]
[White "Stavropoulou, Katerina"]
[Black "Nikolaidou, Eleni"]
[Result "1/2-1/2"]
[WhiteElo "1996"]
[BlackElo "1897"]
[PlyCount "33"]
[EventDate "2006.08.13"]

1. e4 c5 2. c3 d5 3. exd5 Qxd5 4. d4 Nf6 5. Nf3 Bg4 6. Be2 e6 7. h3 Bh5 8. O-O
Nc6 9. Be3 cxd4 10. Nxd4 Bxe2 11. Qxe2 Be7 12. Nd2 Nxd4 13. Bxd4 O-O 14. Nf3
Qh5 15. Rfe1 Nd5 16. Qb5 b6 17. Rad1 1/2-1/2

[Event "Acropolis 2006 Women Section"]
[Site "http://www.chessfed.gr/Acropo"]
[Date "2006.08.19"]
[Round "7.1"]
[White "Makropoulou, Marina"]
[Black "Melia, Salome"]
[Result "1/2-1/2"]
[WhiteElo "2297"]
[BlackElo "2381"]
[PlyCount "53"]
[EventDate "2006.08.13"]

1. e4 c6 2. d4 d5 3. Nc3 dxe4 4. Nxe4 Bf5 5. Ng3 Bg6 6. Bc4 e6 7. N1e2 Nd7 8.
Nf4 Bd6 9. O-O Nb6 10. Bb3 Nf6 11. Re1 O-O 12. Nxg6 hxg6 13. Bg5 Qc7 14. Qf3
Nbd7 15. c3 a5 16. Rad1 a4 17. Bc2 Ra5 18. h4 e5 19. Ne4 Nxe4 20. Qxe4 f5 21.
Qe2 e4 22. b4 Raa8 23. h5 gxh5 24. Qxh5 Nf6 25. Qg6 Nd5 26. b5 Nf4 27. Bxf4
1/2-1/2

[Event "Acropolis 2006 Women Section"]
[Site "http://www.chessfed.gr/Acropo"]
[Date "2006.08.19"]
[Round "7.2"]
[White "Danielian, Elina"]
[Black "Papadopoulou, Vera"]
[Result "1-0"]
[WhiteElo "2423"]
[BlackElo "2217"]
[PlyCount "53"]
[EventDate "2006.08.13"]

1. d4 Nf6 2. Nf3 d6 3. g3 g6 4. Bg2 Bg7 5. O-O O-O 6. c4 Nbd7 7. Nc3 c5 8. d5
Re8 9. Bf4 Nf8 10. Qd2 a6 11. a4 Qa5 12. Qc2 Nh5 13. Bd2 Qc7 14. a5 Bd7 15.
Rfb1 e6 16. e4 f5 17. dxe6 Bxe6 18. Ng5 fxe4 19. Qxe4 d5 20. Nxd5 Qd6 21. Re1
Bxb2 22. Rab1 Nf6 23. Nxf6+ Bxf6 24. Bf4 Qd8 25. Nxe6 Rxe6 26. Qd5 Qe8 27. Bh3
1-0

[Event "Acropolis 2006 Women Section"]
[Site "http://www.chessfed.gr/Acropo"]
[Date "2006.08.19"]
[Round "7.3"]
[White "Foisor, Cristina Adela"]
[Black "Pokorna, Regina"]
[Result "1/2-1/2"]
[WhiteElo "2393"]
[BlackElo "2342"]
[PlyCount "122"]
[EventDate "2006.08.13"]

1. Nf3 Nf6 2. g3 b6 3. Bg2 Bb7 4. c4 e6 5. O-O Be7 6. d4 O-O 7. Nc3 Ne4 8. Bd2
f5 9. Qc2 Bf6 10. Rad1 Nxc3 11. Bxc3 Be4 12. Qc1 d6 13. Rfe1 Nd7 14. Bf1 Bb7
15. d5 Nc5 16. Bg2 Bxc3 17. Qxc3 e5 18. Nd2 a5 19. b3 Qf6 20. f4 exf4 21. Qxf6
Rxf6 22. gxf4 Re8 23. Kf2 Bc8 24. Rg1 Rh6 25. Nf1 a4 26. Rb1 axb3 27. axb3 Bd7
28. Bf3 b5 29. Kg2 b4 30. Ra1 Nxb3 31. Ra7 Nc5 32. Rxc7 Rg6+ 33. Ng3 Rb8 34.
Kf2 b3 35. Rb1 b2 36. Ke3 Rh6 37. Nh5 Rb3+ 38. Kd4 Rxf3 39. exf3 Rxh5 40. Rxb2
Rh4 41. Rb6 Rxf4+ 42. Ke3 Rxc4 43. Rxd6 f4+ 44. Ke2 Rc2+ 45. Kd1 Rc4 46. Rdxd7
Rd4+ 47. Kc2 Nxd7 48. Rxd7 h5 49. Kc3 Rd1 50. Kc4 Rh1 51. d6 Rxh2 52. Re7 Rd2
53. d7 Kh7 54. Kc5 h4 55. Kc6 h3 56. Re2 Rxe2 57. d8=Q Re6+ 58. Kc5 h2 59. Qd3+
Kh8 60. Qd8+ Kh7 61. Qd3+ Kh8 1/2-1/2

[Event "Acropolis 2006 Women Section"]
[Site "http://www.chessfed.gr/Acropo"]
[Date "2006.08.19"]
[Round "7.5"]
[White "Foisor, Sabina-Francesca"]
[Black "Burtasova, Anna"]
[Result "1/2-1/2"]
[WhiteElo "2292"]
[BlackElo "2311"]
[PlyCount "144"]
[EventDate "2006.08.13"]

1. d4 Nf6 2. c4 c5 3. d5 b5 4. cxb5 a6 5. bxa6 Bxa6 6. Nc3 d6 7. g3 g6 8. Bg2
Bg7 9. Nf3 Nbd7 10. Rb1 O-O 11. O-O Qa5 12. Bd2 Rfb8 13. Qc2 Ng4 14. b3 c4 15.
h3 cxb3 16. Rxb3 Rxb3 17. axb3 Rc8 18. hxg4 Bxc3 19. Bxc3 Rxc3 20. Qd2 Nf6 21.
Nd4 Nxg4 22. Nc6 Qc5 23. b4 Qc4 24. Nxe7+ Kf8 25. Nc6 Rc2 26. Qd4 Qxd4 27. Nxd4
Rb2 28. Ra1 Rxb4 29. Nc6 Rb6 30. e3 Bb7 31. Rc1 Rb2 32. Nd8 Ba6 33. Ra1 Bc4 34.
Rc1 Bb5 35. Nb7 Ke7 36. Bf3 Nxf2 37. Bg2 Ng4 38. Bf3 Ne5 39. Bg2 Kd7 40. Kh1
Bd3 41. Na5 Rb1 42. Rxb1 Bxb1 43. Kg1 Ba2 44. Kf2 Kc7 45. Ke1 Kb6 46. Nc6 Bc4
47. Kd2 Nxc6 48. dxc6 d5 49. Kc3 Kxc6 50. Kd4 Kd6 51. e4 dxe4 52. Kxc4 Ke5 53.
Kc3 f5 54. Bf1 h5 55. Kd2 f4 56. gxf4+ Kxf4 57. Ke2 g5 58. Kf2 g4 59. Bb5 h4
60. Kg2 h3+ 61. Kh2 Kf3 62. Bc6 Ke3 63. Bd7 Kf4 64. Bb5 Ke3 65. Bd7 Kf3 66. Bc6
Kf4 67. Bb5 Kg5 68. Kg3 Kf5 69. Bd7+ Kg5 70. Bb5 Kf6 71. Be2 Kg5 72. Bb5 e3
1/2-1/2